| 000 | 00979cam a22002771 4500 | ||
|---|---|---|---|
| 001 | 6933097 | ||
| 003 | ARRUPE | ||
| 005 | 20221130152458.0 | ||
| 008 | 741014s1945 nyuf b 000 0 eng | ||
| 010 | _a 45010204 | ||
| 028 | _bArrupe | ||
| 035 | _a(OCoLC)1039919 | ||
| 040 |
_aDLC _cNBiSU _dOCoLC _dDLC |
||
| 042 | _apremarc | ||
| 050 | 0 | 0 |
_aNC1055.L5 _bP58 |
| 082 | _a741.91 | ||
| 100 | 0 |
_aLeonardo, _cda Vinci, _d1452-1519. _932840 |
|
| 245 | 0 | 4 |
_aThe drawings of Leonardo da Vinci, _cwith an introduction and notes by A.E. Popham ... |
| 260 |
_aNew York, _bReynal & Hitchcock _c[1945] |
||
| 300 |
_a5 p. l., 172 p., 1 l. _b320 pl. on 160 l. _c26 x 20 cm. |
||
| 504 | _a"Books and articles (used or referred to in this work)": p. 93-99. | ||
| 700 | 1 |
_aPopham, A. E. _q(Arthur Ewart), _d1889-1970, _eed. _952173 |
|
| 710 | 2 |
_aRouben Mamoulian Collection (Library of Congress) _5DLC _94210 |
|
| 906 |
_a7 _bcbc _coclcrpl _du _encip _f19 _gy-gencatlg |
||
| 942 |
_2lcc _cMONOGRAPH |
||
| 999 |
_c131626 _d131626 |
||